[Event "Leipzig VfB op 21st"]
[Site "Leipzig"]
[Date "2014.03.08"]
[Round "9"]
[White "Dunne, Paul"]
[Black "Pauscher, Wolfgang"]
[Result "1-0"]
[WhiteElo "1907"]
[BlackElo "1782"]
[PlyCount "77"]
[EventDate "2014.03.04"]
[EventType "tourn"]
[EventRounds "9"]
[EventCountry "GER"]
[SourceTitle "CBM 159 Extra"]
[Source "ChessBase"]
[SourceDate "2014.04.24"]
[SourceVersion "1"]
[SourceVersionDate "2014.04.24"]
[SourceQuality "1"]

1. e4 c5 2. d4 cxd4 3. c3 Nf6 4. e5 Nd5 5. Nf3 Nc6 6. cxd4 d6 7. Bc4 Nb6 8. Bb3 dxe5 9. d5 Na5 10. Nc3 Nxb3 11. Qxb3 e6 12. Nxe5 Be7 13. Qb5+ Bd7 14. Nxd7 Qxd7 15. dxe6 fxe6 16. Qh5+ g6 17. Qe5 0-0-0 18. 0-0 Bd6 19. Qa5 Kb8 20. Be3 Nc8 21. Nb5 a6 22. a4 Bc7 23. Nxc7 Qxc7 24. Qxc7+ Kxc7 25. Bf4+ Kd7 26. Rac1 Ke8 27. Rc7 Nb6 28. Rxb7 Nxa4 29. Re1 Nc5 30. Rc7 Rd5 31. Rc8+ Kd7 32. Rxh8 Nd3 33. Rxh7+ Kc8 34. Rc1+ Nxc1 35. Rc7+ Kd8 36. Rxc1 e5 37. Be3 Rb5 38. Rc2 a5 39. h3 1-0

[Event "Leipzig VfB op 21st"]
[Site "Leipzig"]
[Date "2014.03.06"]
[Round "4"]
[White "Nguyen, Alex Dac Vuong"]
[Black "Dunne, Paul"]
[Result "0-1"]
[WhiteElo "1476"]
[BlackElo "1907"]
[PlyCount "140"]
[EventDate "2014.03.04"]
[EventType "tourn"]
[EventRounds "9"]
[EventCountry "GER"]
[SourceTitle "CBM 159 Extra"]
[Source "ChessBase"]
[SourceDate "2014.04.24"]
[SourceVersion "1"]
[SourceVersionDate "2014.04.24"]
[SourceQuality "1"]

1. e4 e5 2. Nf3 Nc6 3. d4 exd4 4. Bc4 Bc5 5. c3 d3 6. Qxd3 d6 7. 0-0 Nf6 8. Bg5 0-0 9. Nbd2 Re8 10. Rad1 Be6 11. Nb3 Bxc4 12. Qxc4 Rxe4 13. Qxe4 Nxe4 14. Bxd8 Rxd8 15. Nxc5 Nxc5 16. Rfe1 Kf8 17. Nd4 Ne5 18. Nb5 Rc8 19. b4 Ne6 20. a3 a6 21. Nd4 Nf4 22. g3 Nfg6 23. Nb3 Nf3+ 24. Kg2 Nxe1+ 25. Rxe1 Re8 26. Rd1 Re2 27. Nd2 Re8 28. Nb3 Ne5 29. Rd4 Nc6 30. Rd1 Re5 31. a4 h6 32. Kf3 Re8 33. Kg2 Ne5 34. Rd4 Nd7 35. a5 Nf6 36. Kf3 Ke7 37. Rd3 Kd7 38. c4 Re1 39. b5 axb5 40. cxb5 Kc8 41. a6 bxa6 42. bxa6 Re4 43. Nd4 Kd7 44. Rd1 Re8 45. Rd2 Ra8 46. Nb3 c6 47. Nd4 Rxa6 48. Nf5 Ra3+ 49. Kg2 Ne8 50. h4 h5 51. Ne3 g6 52. Nc4 Rc3 53. Ne5+ Ke7 54. Nf3 Ng7 55. Ng5 Ne6 56. Ne4 Rc4 57. Nxd6 Rd4 58. Rxd4 Nxd4 59. Nc4 Ke6 60. Kf1 Kd5 61. Ne3+ Kc5 62. Ke1 Nf5 63. Ng2 Kd4 64. Kd2 Ke4 65. Ne1 Nd4 66. Kc3 Nf3 67. Ng2 Ne5 68. Ne1 c5 69. Kc2 c4 70. Kc3 Nd3 0-1

[Event "Leipzig VfB op 20th"]
[Site "Leipzig"]
[Date "2013.03.09"]
[Round "8"]
[White "Engelmann, Uwe"]
[Black "Dunne, Paul"]
[Result "0-1"]
[WhiteElo "1810"]
[BlackElo "1914"]
[PlyCount "102"]
[EventDate "2013.03.05"]
[EventType "swiss"]
[EventRounds "9"]
[EventCountry "GER"]
[SourceTitle "EXT 2014"]
[Source "ChessBase"]
[SourceDate "2013.11.20"]
[SourceVersion "1"]
[SourceVersionDate "2013.11.20"]
[SourceQuality "1"]

1. e4 e5 2. Nc3 Nf6 3. f4 d5 4. fxe5 Nxe4 5. Nf3 Be7 6. d3 Nxc3 7. bxc3 Nc6 8. d4 0-0 9. Bd3 f6 10. 0-0 fxe5 11. Nxe5 Nxe5 12. dxe5 Bc5+ 13. Kh1 Rxf1+ 14. Qxf1 Qh4 15. Bf4 Bg4 16. Bg3 Qh5 17. Qf4 Rf8 18. Qd2 c6 19. c4 Rf3 20. Qe1 Bd4 21. Rb1 Rxg3 22. Rxb7 Bxe5 23. Rxa7 Rf3 24. Ra8+ Rf8 25. Rxf8+ Kxf8 26. Qf2+ Kg8 27. g3 Bf3+ 28. Kg1 Qg4 29. Kf1 Bd4 30. Qd2 Qh3+ 31. Ke1 Qg2 32. Qxg2 Bxg2 33. cxd5 Bxd5 34. a4 h6 35. Ke2 Kf7 36. Ba6 Be4 37. Bb7 Bb6 38. c4 Ke7 39. Kd2 Kd7 40. Ba6 Kd6 41. Kc3 Kc5 42. Bc8 Ba5+ 43. Kb3 Bf3 44. Be6 Bd1+ 45. Ka3 Bb4+ 46. Kb2 Bxa4 47. g4 Bd2 48. h4 Bd1 49. h5 Kd6 50. Bf5 c5 51. Ka3 Ke5 0-1

[Event "Leipzig VfB op 19th"]
[Site "Leipzig"]
[Date "2012.03.08"]
[Round "4"]
[White "Dunne, Paul"]
[Black "Ziese, Gerhard"]
[Result "1-0"]
[WhiteElo "1891"]
[BlackElo "2053"]
[PlyCount "105"]
[EventDate "2012.03.06"]
[EventType "swiss"]
[EventRounds "9"]
[EventCountry "GER"]
[SourceTitle "CBM 147 Extra"]
[Source "ChessBase"]
[SourceDate "2012.04.24"]
[SourceVersion "1"]
[SourceVersionDate "2012.04.24"]
[SourceQuality "1"]

1. e4 e5 2. d4 exd4 3. Qxd4 Nc6 4. Qe3 d6 5. Bd2 Nf6 6. Nc3 Bd7 7. Nge2 Be7 8. f4 0-0 9. 0-0-0 Re8 10. Qg3 Bf8 11. h4 Nxe4 12. Nxe4 Rxe4 13. Nc3 Re8 14. Bd3 Ne7 15. Ne4 Nf5 16. Qf2 Bc6 17. Ng5 Qd7 18. Nxh7 Be4 19. Nxf8 Kxf8 20. Bc3 Qc6 21. Rhg1 d5 22. g4 Nd6 23. Qd4 f6 24. g5 Nf5 25. Qb4+ Kf7 26. Bb5 Qd6 27. Bxe8+ Rxe8 28. Qxd6 Nxd6 29. gxf6 gxf6 30. Rg3 Nf5 31. Rh3 c5 32. Rg1 d4 33. Bd2 Bc6 34. h5 Rh8 35. Kd1 c4 36. b3 c3 37. Bc1 b5 38. Ba3 a5 39. Bc5 Be4 40. Re1 Re8 41. Kc1 a4 42. b4 Kg7 43. h6+ Kh7 44. a3 Re6 45. Rh5 Ng3 46. Rh3 Nf5 47. Ba7 Re8 48. Rh5 Re6 49. Bb6 Re8 50. Rxf5 Rg8 51. Rg5 fxg5 52. Rxe4 gxf4 53. Bxd4 1-0

[Event "Leipzig VfB op 19th"]
[Site "Leipzig"]
[Date "2012.03.07"]
[Round "3"]
[White "Just, Wolfgang"]
[Black "Dunne, Paul"]
[Result "0-1"]
[WhiteElo "2190"]
[BlackElo "1891"]
[PlyCount "104"]
[EventDate "2012.03.06"]
[EventType "swiss"]
[EventRounds "9"]
[EventCountry "GER"]
[SourceTitle "CBM 147 Extra"]
[Source "ChessBase"]
[SourceDate "2012.04.24"]
[SourceVersion "1"]
[SourceVersionDate "2012.04.24"]
[SourceQuality "1"]

1. e4 e5 2. Nf3 Nc6 3. d4 exd4 4. Nxd4 Nf6 5. Nxc6 bxc6 6. Bd3 d5 7. e5 Ng4 8. Bf4 Bc5 9. 0-0 Be6 10. Nc3 g5 11. Bg3 h5 12. Be2 Qd7 13. Na4 Be7 14. Bxg4 Bxg4 15. f3 Be6 16. Bf2 g4 17. f4 h4 18. Qd4 g3 19. hxg3 h3 20. gxh3 Rxh3 21. Rfe1 Bf5 22. Rad1 Bxc2 23. Rd2 Qg4 24. Re3 Be4 25. Be1 Rh1+ 26. Kf2 Rh2+ 27. Kg1 Rh1+ 28. Kf2 Qh3 29. Rxe4 Qf1+ 30. Ke3 Qxe1+ 31. Re2 Qxg3+ 32. Kd2 dxe4 33. Qxe4 0-0-0+ 34. Kc2 Rh2 35. Rxh2 Qxh2+ 36. Kb3 Qh3+ 37. Nc3 Rd2 38. f5 Qh4 39. f6 Qxe4 40. Nxe4 Bxf6 41. exf6 Rd5 42. Kc4 Kd7 43. b4 Ke6 44. a4 Ke5 45. Nc3 Rd4+ 46. Kc5 Rd6 47. b5 cxb5 48. Nxb5 Ra6 49. Kb4 c5+ 50. Kb3 Kxf6 51. Nc3 Ke5 52. Kc4 Ra5 0-1

[Event "Leipzig VfB op 18th"]
[Site "Leipzig"]
[Date "2011.03.23"]
[Round "2"]
[White "Dunne, Paul"]
[Black "Bronn, Gottfried"]
[Result "1/2-1/2"]
[WhiteElo "1873"]
[BlackElo "1712"]
[PlyCount "87"]
[EventDate "2011.03.20"]
[EventType "swiss"]
[EventRounds "9"]
[EventCountry "GER"]
[SourceTitle "CBM 141 Extra"]
[Source "ChessBase"]
[SourceDate "2011.05.03"]
[SourceVersion "1"]
[SourceVersionDate "2011.05.03"]
[SourceQuality "1"]

1. e4 d5 2. d4 dxe4 3. Nc3 Nf6 4. f3 exf3 5. Nxf3 Bf5 6. Bc4 e6 7. 0-0 Be7 8. Ne5 0-0 9. Be3 c6 10. Qe2 Nbd7 11. Rad1 Nb6 12. Bb3 Nbd5 13. Bc1 Qc7 14. g4 Bg6 15. h4 h6 16. Rf2 Qd6 17. h5 Nxc3 18. bxc3 Bh7 19. Bf4 Nd5 20. Bxd5 Qxd5 21. c4 Qa5 22. Qe3 Rad8 23. c3 Bf6 24. Rdf1 Bxe5 25. Bxe5 f5 26. g5 f4 27. Bxf4 Bf5 28. gxh6 Rd7 29. Be5 Rff7 30. hxg7 Rxg7+ 31. Rg2 Rxg2+ 32. Kxg2 Qd8 33. Qh6 Rh7 34. Qf4 Rxh5 35. Rg1 Qg5+ 36. Qxg5+ Rxg5+ 37. Kf2 Rxg1 38. Kxg1 Bd3 39. c5 Bc4 40. a3 Kf7 41. Kf2 Kg6 42. Ke3 Kf5 43. Bb8 a6 44. Bd6 1/2-1/2

[Event "Leipzig VfB op 18th"]
[Site "Leipzig"]
[Date "2011.03.23"]
[Round "3"]
[White "Keil, Michael"]
[Black "Dunne, Paul"]
[Result "0-1"]
[WhiteElo "1513"]
[BlackElo "1873"]
[PlyCount "44"]
[EventDate "2011.03.20"]
[EventType "swiss"]
[EventRounds "9"]
[EventCountry "GER"]
[SourceTitle "CBM 141 Extra"]
[Source "ChessBase"]
[SourceDate "2011.05.03"]
[SourceVersion "1"]
[SourceVersionDate "2011.05.03"]
[SourceQuality "1"]

1. d4 f5 2. e4 fxe4 3. f3 exf3 4. Nxf3 Nf6 5. Nc3 d5 6. Bg5 Bf5 7. Qd2 e6 8. 0-0-0 Be7 9. h3 0-0 10. Re1 Nbd7 11. Rg1 c5 12. Bb5 Nb6 13. dxc5 Bxc5 14. Rgf1 a6 15. Bd3 Qc7 16. g4 Bxd3 17. Qxd3 Rae8 18. Nd4 e5 19. Nb3 e4 20. Qd2 e3 21. Bxe3 Bxe3 22. Rxe3 Nc4 0-1

[Event "Leipzig VfB op 18th"]
[Site "Leipzig"]
[Date "2011.03.22"]
[Round "1"]
[White "Lubbe, Melanie"]
[Black "Dunne, Paul"]
[Result "1-0"]
[WhiteElo "2302"]
[BlackElo "1873"]
[PlyCount "121"]
[EventDate "2011.03.20"]
[EventType "swiss"]
[EventRounds "9"]
[EventCountry "GER"]
[SourceTitle "CBM 141 Extra"]
[Source "ChessBase"]
[SourceDate "2011.05.03"]
[SourceVersion "1"]
[SourceVersionDate "2011.05.03"]
[SourceQuality "1"]

1. e4 e5 2. Bc4 Nf6 3. d3 Bc5 4. Nf3 d6 5. c3 Qe7 6. Nbd2 Nc6 7. Bb3 a6 8. h3 Ba7 9. Nf1 Be6 10. Bc2 d5 11. Qe2 d4 12. Ng3 Qd7 13. 0-0 0-0 14. Bg5 Ne8 15. Kh2 f6 16. Bd2 Nd6 17. Nh4 Rae8 18. Bb3 Ne7 19. Qg4 f5 20. exf5 Bxb3 21. axb3 Qc8 22. c4 c5 23. Rae1 Nexf5 24. Nhxf5 Nxf5 25. Ne4 Bb8 26. Bg5 Re6 27. Kh1 Rg6 28. Qh5 Qc6 29. Bd2 Nd6 30. Ng5 Rh6 31. Qg4 Rg6 32. Qd1 Nf5 33. Re4 h6 34. Nf3 Re8 35. Rfe1 b6 36. b4 cxb4 37. Bxb4 a5 38. Ba3 Ree6 39. Qb3 Nd6 40. Rxe5 Rxe5 41. Rxe5 Nxc4 42. Qxc4+ Qxc4 43. Re8+ Kf7 44. Rf8+ Ke6 45. dxc4 Bd6 46. Nxd4+ Ke7 47. Bxd6+ Kxd6 48. Rf5 Rg5 49. f4 Rg3 50. Rd5+ Kc7 51. Nf5 Rg6 52. Kg1 Rc6 53. Rd4 g5 54. fxg5 hxg5 55. Kf2 Rc5 56. g4 b5 57. Ne3 a4 58. Rd5 Rxd5 59. Nxd5+ Kc6 60. Nc3 bxc4 61. Nxa4 1-0

[Event "Brezova op"]
[Site "Brezova pod Bradlom"]
[Date "2010.08.28"]
[Round "8"]
[White "Dunne, Paul"]
[Black "Janke, Georg"]
[Result "1-0"]
[WhiteElo "1882"]
[BlackElo "1785"]
[PlyCount "45"]
[EventDate "2010.08.22"]
[EventType "swiss"]
[EventRounds "9"]
[EventCountry "SVK"]
[SourceTitle "CBM 138 Extra"]
[Source "ChessBase"]
[SourceDate "2010.10.29"]
[SourceVersion "1"]
[SourceVersionDate "2010.10.29"]
[SourceQuality "1"]

1. e4 e6 2. d4 d5 3. Nc3 c5 4. exd5 cxd4 5. Qxd4 Nf6 6. Bb5+ Bd7 7. dxe6 fxe6 8. Bxd7+ Nbxd7 9. Nf3 Bc5 10. Qh4 Qb6 11. 0-0 Qc6 12. Bg5 0-0-0 13. Qa4 Qb6 14. Bxf6 gxf6 15. Qb5 Qc7 16. Ne4 a6 17. Qb3 Rhg8 18. Nxc5 Nxc5 19. Qe3 Rg4 20. h3 Rg7 21. b4 Rdg8 22. Qxc5 Rxg2+ 23. Kh1 1-0

[Event "Leipzig VfB op 16th"]
[Site "Leipzig"]
[Date "2009.04.04"]
[Round "7"]
[White "Randt, Karl Heinz"]
[Black "Dunne, Paul"]
[Result "0-1"]
[WhiteElo "2002"]
[BlackElo "1840"]
[PlyCount "78"]
[EventDate "2009.03.31"]
[EventType "swiss"]
[EventRounds "9"]
[EventCountry "GER"]
[SourceTitle "EXT 2010"]
[Source "ChessBase"]
[SourceDate "2010.11.25"]
[SourceVersion "1"]
[SourceVersionDate "2010.11.25"]
[SourceQuality "1"]

1. e4 e5 2. Nf3 Nc6 3. Bb5 a6 4. Ba4 Nf6 5. 0-0 Nxe4 6. Re1 Nc5 7. Bxc6 dxc6 8. Nxe5 Be7 9. d4 Ne6 10. c3 0-0 11. Be3 f6 12. Nd3 Qd5 13. Nd2 b5 14. b3 Bb7 15. c4 Qf5 16. Nf1 Rad8 17. Ng3 Qg6 18. Nf4 Nxf4 19. Bxf4 Bc5 20. Be3 Bxd4 21. Bxd4 c5 22. Qe2 cxd4 23. cxb5 d3 24. Qe6+ Qf7 25. bxa6 d2 26. Qxf7+ Rxf7 27. Red1 Bxa6 28. a4 f5 29. f4 Rd4 30. Ra2 Rxf4 31. Raxd2 Rb4 32. Rb2 g6 33. Rd8+ Kg7 34. Nf1 c5 35. Nd2 c4 36. Rd4 c3 37. Rxb4 cxb2 38. Rd4 Rc7 39. Kf2 Rc2 0-1

[Event "Leipzig VfB op 16th"]
[Site "Leipzig"]
[Date "2009.04.02"]
[Round "5"]
[White "Winnig, Bernd"]
[Black "Dunne, Paul"]
[Result "1-0"]
[WhiteElo "2049"]
[BlackElo "1840"]
[PlyCount "125"]
[EventDate "2009.03.31"]
[EventType "swiss"]
[EventRounds "9"]
[EventCountry "GER"]
[SourceTitle "EXT 2010"]
[Source "ChessBase"]
[SourceDate "2010.11.25"]
[SourceVersion "1"]
[SourceVersionDate "2010.11.25"]
[SourceQuality "1"]

1. d4 d5 2. c4 e6 3. g3 c5 4. Nf3 Nf6 5. cxd5 exd5 6. Bg2 Nc6 7. Nc3 Be7 8. 0-0 0-0 9. dxc5 Bxc5 10. Na4 Be7 11. Nd4 Be6 12. b3 Rc8 13. Bb2 Qd7 14. Rc1 b6 15. Nxc6 Rxc6 16. Nc3 Rcc8 17. e3 Bc5 18. Ne2 Bg4 19. Bxf6 gxf6 20. Qd2 Qe7 21. Nf4 d4 22. exd4 Rcd8 23. d5 Bb4 24. Qd4 Rfe8 25. h3 Bc5 26. Qa1 Be2 27. Rce1 Qd6 28. Rxe2 Rxe2 29. Nxe2 b5 30. Nf4 Re8 31. Nh5 Re5 32. g4 Qe7 33. Qc3 b4 34. Qf3 f5 35. gxf5 Qg5 36. Qg4 Rxf5 37. Nf6+ Kh8 38. Qxg5 Rxg5 39. Ne4 Rxd5 40. Nxc5 Rxc5 41. Be4 f5 42. Bd3 f4 43. Re1 Rc3 44. Be4 Rxh3 45. f3 Rh6 46. Rc1 Ra6 47. Rc4 Rxa2 48. Rxb4 h6 49. Rb7 Rb2 50. Rh7+ Kg8 51. Rxh6 Kg7 52. Rg6+ Kh8 53. Bd5 Rd2 54. Bc4 Rd4 55. Ra6 Rd7 56. Kg2 Rg7+ 57. Kf2 Rd7 58. Ra5 Rh7 59. Rf5 Rh4 60. Rf7 Rh2+ 61. Ke1 Ra2 62. Rxf4 a5 63. Bd5 1-0

[Event "Leipzig VfB op 15th"]
[Site "Leipzig"]
[Date "2008.03.01"]
[Round "8"]
[White "Langer, Wolfgang2222"]
[Black "Dunne, Paul"]
[Result "1/2-1/2"]
[WhiteElo "1999"]
[BlackElo "1854"]
[PlyCount "45"]
[EventDate "2008.02.26"]
[EventType "swiss"]
[EventRounds "9"]
[EventCountry "GER"]
[SourceTitle "CBM 123 Extra"]
[Source "ChessBase"]
[SourceDate "2008.05.06"]
[SourceVersion "1"]
[SourceVersionDate "2008.05.06"]
[SourceQuality "1"]

1. d4 d5 2. g3 c5 3. Nf3 Nc6 4. Bg2 Nf6 5. 0-0 cxd4 6. Nxd4 e5 7. Nxc6 bxc6 8. c4 Be6 9. Nc3 Be7 10. Bg5 e4 11. cxd5 cxd5 12. e3 0-0 13. Qd2 Qd7 14. Rac1 Rfd8 15. Ne2 h6 16. Bxf6 Bxf6 17. Rc2 d4 18. exd4 Bxd4 19. Nxd4 Qxd4 20. Qe3 Qxe3 21. fxe3 Rac8 22. Rfc1 Rxc2 23. Rxc2 1/2-1/2

[Event "Leipzig VfB op 15th"]
[Site "Leipzig"]
[Date "2008.02.26"]
[Round "1"]
[White "Schumacher, Gottfried"]
[Black "Dunne, Paul"]
[Result "1-0"]
[WhiteElo "2167"]
[BlackElo "1854"]
[PlyCount "68"]
[EventDate "2008.02.26"]
[EventType "swiss"]
[EventRounds "9"]
[EventCountry "GER"]
[SourceTitle "CBM 123 Extra"]
[Source "ChessBase"]
[SourceDate "2008.05.06"]
[SourceVersion "1"]
[SourceVersionDate "2008.05.06"]
[SourceQuality "1"]

1. d4 d5 2. c4 e6 3. Nc3 c5 4. e3 Nf6 5. Nf3 Nc6 6. a3 Bd6 7. dxc5 Bxc5 8. b4 Bd6 9. Be2 0-0 10. Bb2 b6 11. 0-0 Bb7 12. cxd5 exd5 13. Qa4 Qe7 14. Rac1 Rac8 15. Rfd1 Rfd8 16. Ba6 Bb8 17. Ne2 Ne4 18. b5 Na5 19. Bxb7 Qxb7 20. Ned4 Nc4 21. Ba1 Rd6 22. Nf5 Rf6 23. Bxf6 Nxf6 24. Qb4 Re8 25. a4 g6 26. Qc3 Ne5 27. N5d4 Ne4 28. Qc2 Nc4 29. Nc6 Nf6 30. Qc3 Ne4 31. Qd4 Na5 32. Qxd5 Nf6 33. Qd4 Nb3 34. Qxf6 Nxc1 1-0

[Event "Southend op"]
[Site "Southend"]
[Date "2007.04.07"]
[Round "3"]
[White "Dunne, Paul"]
[Black "Haydon, David Leslie"]
[Result "0-1"]
[WhiteElo "1857"]
[BlackElo "2060"]
[PlyCount "70"]
[EventDate "2007.04.06"]
[EventType "swiss"]
[EventRounds "7"]
[EventCountry "ENG"]
[SourceTitle "CBM 117 Extra"]
[Source "ChessBase"]
[SourceDate "2007.05.09"]
[SourceVersion "1"]
[SourceVersionDate "2007.05.09"]
[SourceQuality "1"]

1. e4 c6 2. d4 d5 3. Nc3 dxe4 4. f3 exf3 5. Nxf3 Nf6 6. Bc4 Nbd7 7. Bf4 Nb6 8. Bb3 Nbd5 9. Bg3 Bg4 10. Qe2 e6 11. 0-0 Be7 12. Rad1 0-0 13. Ne4 Nxe4 14. Qxe4 Nf6 15. Qe2 Qa5 16. h3 Bh5 17. c4 Rad8 18. Be1 Qc7 19. g4 Bg6 20. Kg2 c5 21. d5 exd5 22. cxd5 Bd6 23. Bh4 Rde8 24. Qb5 a6 25. Qa4 Re4 26. Bc4 Nxg4 27. hxg4 Rxg4+ 28. Kf2 Bg3+ 29. Bxg3 Qxg3+ 30. Ke2 Re4+ 31. Kd2 Qf4+ 32. Kc3 b5 33. Qxa6 Rxc4+ 34. Kb3 Bc2+ 35. Ka3 Ra4+ 0-1

[Event "Leipzig VfB op 14th"]
[Site "Leipzig"]
[Date "2007.03.22"]
[Round "5"]
[White "Gleichmann, Matthias"]
[Black "Dunne, Paul"]
[Result "1/2-1/2"]
[WhiteElo "2069"]
[BlackElo "1857"]
[PlyCount "29"]
[EventDate "2007.03.20"]
[EventType "swiss"]
[EventRounds "9"]
[EventCountry "GER"]
[SourceTitle "EXT 2008"]
[Source "ChessBase"]
[SourceDate "2007.11.25"]
[SourceVersion "1"]
[SourceVersionDate "2007.11.25"]
[SourceQuality "1"]

1. d4 d5 2. Nf3 Nf6 3. c4 e6 4. g3 c5 5. cxd5 exd5 6. Bg2 Nc6 7. Nc3 Be7 8. 0-0 0-0 9. dxc5 Bxc5 10. Bg5 d4 11. Bxf6 Qxf6 12. Ne4 Qe7 13. Nxc5 Qxc5 14. Qd2 Bg4 15. Rac1 1/2-1/2

[Event "Leipzig VfB op 14th"]
[Site "Leipzig"]
[Date "2007.03.21"]
[Round "3"]
[White "Schober, Ralf"]
[Black "Dunne, Paul"]
[Result "1-0"]
[WhiteElo "2089"]
[BlackElo "1857"]
[PlyCount "75"]
[EventDate "2007.03.20"]
[EventType "swiss"]
[EventRounds "9"]
[EventCountry "GER"]
[SourceTitle "EXT 2008"]
[Source "ChessBase"]
[SourceDate "2007.11.25"]
[SourceVersion "1"]
[SourceVersionDate "2007.11.25"]
[SourceQuality "1"]

1. Nc3 e5 2. e3 d5 3. Qh5 Nf6 4. Qxe5+ Be6 5. Nb5 Na6 6. Nd4 Bd6 7. Nxe6 Bxe5 8. Nxd8 Rxd8 9. Bxa6 bxa6 10. Nf3 Bd6 11. d3 0-0 12. b3 Bb4+ 13. Bd2 a5 14. Nd4 Rd6 15. Nf5 Re6 16. Nd4 Rd6 17. a3 Bxd2+ 18. Kxd2 a6 19. b4 axb4 20. axb4 Rb6 21. c3 Re8 22. Ra5 Ng4 23. h3 Nxf2 24. Rf1 Rf6 25. Ke2 Nxd3 26. Rxf6 Nc1+ 27. Kd2 gxf6 28. Ra1 c5 29. bxc5 Rc8 30. c6 Nb3+ 31. Nxb3 Rxc6 32. Ra5 Rb6 33. Nd4 Rb2+ 34. Nc2 Rb1 35. Rxa6 Rg1 36. Ne1 Rf1 37. Ke2 Rf5 38. Nf3 1-0

[Event "Balatonlelle op"]
[Site "Balatonlelle"]
[Date "2006.06.22"]
[Round "6"]
[White "Dunne, Paul"]
[Black "Grandelius, Nils"]
[Result "0-1"]
[WhiteElo "1879"]
[BlackElo "2113"]
[PlyCount "94"]
[EventDate "2006.06.17"]
[EventType "swiss"]
[EventRounds "9"]
[EventCountry "HUN"]
[SourceTitle "CBM 112 Extra"]
[Source "ChessBase"]
[SourceDate "2006.07.14"]
[SourceVersion "1"]
[SourceVersionDate "2006.07.14"]
[SourceQuality "1"]

1. e4 c5 2. b4 cxb4 3. a3 d5 4. exd5 Qxd5 5. Bb2 e5 6. Nf3 Nc6 7. axb4 Bxb4 8. Nc3 Qd6 9. Nb5 Qe7 10. Bc4 Nf6 11. 0-0 0-0 12. Re1 e4 13. c3 Bd6 14. Nxd6 Qxd6 15. Ba3 Qf4 16. Bxf8 exf3 17. Qb3 Kxf8 18. Re3 Qd6 19. Rae1 Bd7 20. Rxf3 Ne5 21. Rg3 Nxc4 22. Qxc4 Rc8 23. Qa2 a6 24. d4 Be6 25. Qd2 h6 26. Qb2 Bd5 27. h3 Rc4 28. Rge3 Qc6 29. f3 Be6 30. Qa3+ Kg8 31. Rb1 Nd5 32. Re5 Rxc3 33. Qa5 Kh7 34. Rbe1 Rc4 35. Qd8 Rxd4 36. Qa5 Qc4 37. Qa1 Rd2 38. Qb1+ Qc2 39. Qxc2+ Rxc2 40. R5e2 Rxe2 41. Rxe2 b5 42. Ra2 Nc7 43. Rc2 Bc4 44. Kf2 a5 45. Ke3 a4 46. Kd2 a3 47. Kc1 Nd5 0-1

[Event "Balatonlelle op"]
[Site "Balatonlelle"]
[Date "2006.06.21"]
[Round "5"]
[White "Schulz, Peter"]
[Black "Dunne, Paul"]
[Result "1-0"]
[WhiteElo "2109"]
[BlackElo "1879"]
[PlyCount "141"]
[EventDate "2006.06.17"]
[EventType "swiss"]
[EventRounds "9"]
[EventCountry "HUN"]
[SourceTitle "CBM 112 Extra"]
[Source "ChessBase"]
[SourceDate "2006.07.14"]
[SourceVersion "1"]
[SourceVersionDate "2006.07.14"]
[SourceQuality "1"]

1. e4 e5 2. Nf3 Nc6 3. Bb5 a6 4. Ba4 Nf6 5. 0-0 Nxe4 6. d4 b5 7. Bb3 d5 8. dxe5 Be6 9. c3 Bc5 10. Nbd2 0-0 11. Bc2 f5 12. Nb3 Bb6 13. Nbd4 Nxd4 14. Nxd4 Bc8 15. Bb3 c5 16. Nc6 Qh4 17. Bxd5+ Kh8 18. Qe2 Bb7 19. Nb4 cxb4 20. Bxb7 Rae8 21. Be3 Bxe3 22. Qxe3 bxc3 23. bxc3 Qe7 24. Bxe4 fxe4 25. Qxe4 Qxe5 26. Qxe5 Rxe5 27. Rfe1 Rc5 28. Rac1 Kg8 29. Rc2 Rfc8 30. Rec1 b4 31. c4 a5 32. Kf1 a4 33. Ke2 b3 34. axb3 axb3 35. Rb2 Rxc4 36. Rxc4 Rxc4 37. Rxb3 Kf7 38. Ke3 Kf6 39. f4 Ra4 40. Kf3 Rc4 41. g4 Ra4 42. Rb6+ Kf7 43. g5 Rc4 44. h4 Ra4 45. h5 Rc4 46. Rb7+ Kf8 47. Rb8+ Kf7 48. Rh8 h6 49. gxh6 gxh6 50. Rxh6 Kg7 51. Ra6 Rc1 52. Kg4 Rg1+ 53. Kf5 Rh1 54. Rg6+ Kh7 55. Rg5 Rf1 56. Rg2 Kh6 57. Ke5 Re1+ 58. Kf5 Rf1 59. Re2 Rg1 60. Kf6 Kxh5 61. f5 Rf1 62. Re4 Rf2 63. Re1 Kg4 64. Kg6 Rg2 65. f6 Kf4+ 66. Kh7 Rh2+ 67. Kg7 Rg2+ 68. Kf8 Kf5 69. f7 Rb2 70. Rg1 Kf6 71. Kg8 1-0